Catálogo
 En Linea

Educación y orientación vocacionales / (Registro nro. 25061)

Detalles MARC
000 -CABECERA
campo de control de longitud fija 00783nam a2200205 a 4500
001 - NÚMERO DE CONTROL
campo de control 000025569
005 - FECHA Y HORA DE LA ÚLTIMA TRANSACCIÓN
campo de control 20250210091741.0
008 - DATOS DE LONGITUD FIJA--INFORMACIÓN GENERAL
campo de control de longitud fija 110216s1975 ag a r 000 | spa d
040 ## - FUENTE DE LA CATALOGACIÓN
Centro catalogador/agencia de origen DO-SdBNP
Lengua de catalogación spa
Centro/agencia transcriptor BNPHU
041 ## - CÓDIGO DE LENGUA
Código de lengua del texto/banda sonora o título independiente spa
Código de lengua original eng
Fuente del código Código de idioma MARC
082 ## - NÚMERO DE LA CLASIFICACIÓN DECIMAL DEWEY
Número de clasificación 371.425
Número de documento/Ítem R476e
049 ## - FONDOS LOCALES (OCLC)
Fondos de biblioteca BNGR
100 1# - ENTRADA PRINCIPAL--NOMBRE DE PERSONA
Nombre de persona Rhodes, James A.,
9 (RLIN) 52255
240 #0 - TÍTULO UNIFORME
Título uniforme Vocational education and guidance : a system for the seventies
Lenguaje de la obra Español
245 10 - MENCIÓN DE TÍTULO
Título Educación y orientación vocacionales /
Mención de responsabilidad, etc. James A. Rhodes ; versión castellana de Ana L. Laguzzi de Jones.
260 ## - PUBLICACIÓN, DISTRIBUCIÓN, ETC.
Lugar de publicación, distribución, etc. Buenos Aires :
Nombre del editor, distribuidor, etc. Paidós,
Fecha de publicación, distribución, etc. 1975.
300 ## - DESCRIPCIÓN FÍSICA
Extensión 170 p. :
Otras características físicas il. ;
Dimensiones 20 cm.
534 ## - NOTA SOBRE LA VERSIÓN ORIGINAL
Encabezamiento principal del original Título original :
Mención de título del original Vocational education and guidance : a system for the seventies
650 #0 - PUNTO DE ACCESO ADICIONAL DE MATERIA--TÉRMINO DE MATERIA
Término de materia o nombre geográfico como elemento de entrada Enseñanza vocacional
9 (RLIN) 48659
Existencias
Estado de retiro Estado de pérdida Restricciones de uso No para préstamo Código de colección Localización permanente Ubicación/localización actual Ubicación en estantería Fecha de adquisición Número de inventario Total de préstamos Signatura topográfica completa Código de barras Fecha visto por última vez Precio válido a partir de Tipo de ítem Koha
      Excluido de préstamo Monografías: Libros y Folletos General General En catalogación 17.02.2011 LF1   371.425 R476e 25569-10 25.06.2020 25.06.2020 No se presta

Con tecnología Koha